Responses for Show #3375 - Friday, April 16, 1999

Helen Petroff game 3.

Contestants

[<< previous game]

Robin Travers, a dermatologist from Somerville, Massachusetts

Richard Hill, a law student from Alexandria, Virginia

Helen Petroff, a research assistant from Los Angeles, California (whose 2-day cash winnings total $17,100)

[next game >>]

Jeopardy! Round responses

"NEWS"WEEK
PC WORLD
COSMOPOLITAN
PEOPLE
LADIES HOME JOURNAL
TV GUIDE
(Alex: Sort of a theme there, I think!)
    $100 7
Newshound

Robin
    $100 21
Icons

Helen
    $100 26
Iceland

Richard
    $100 2
Johannes Gutenberg

Helen
    $100 1
Coupon

Richard
    $100 16
James Garner

Robin
    $200 8
Newsreels

Helen
    $200 22
(Robin: What is a megabyte?)

Kilobyte

RichardRobin
    $200 27
France

Helen
    $200 3
Homer

Helen
    $200 12
Diets

Helen
    $200 17
Bart Simpson

Richard
    $300 9
(Richard: What is The Daily News?)
(Robin: What is the New York Times?)

Newsday

RichardRobin
Triple Stumper
    $300 23
Debug

Richard
    $300 28
(H: What is Ecuador?)

Brazil

HelenRichard
    $300 4
(Richard: Armstrong & Collins?)

Neil Armstrong & Buzz Aldrin

Richard
Triple Stumper
    $300 13
Hydrogen peroxide

Helen
    $300 18
Dilbert

Helen
    $400 10
Newsprint

Helen
    $400 24
(minute to go...)

Microprocessor

Triple Stumper
    $400 29
India

Helen
    $400 5
Wright Brothers

Helen
    $400 14
Ingredients

Helen
    $400 19
Just Shoot Me!

Helen
    $500 11
News Corporation

Triple Stumper
    $500 25
Webmaster

Robin
    $500 30
Africa

Richard
    $500 6
Sigmund Freud

Richard
    $500 15
Domestic engineer

Robin
    $800 20
The White Shadow

Helen

Scores at the first commercial break (after clue 15):

Helen Richard Robin
$2,200 $0 $300

Scores at the end of the Jeopardy! Round:

Helen Richard Robin
$4,100 $1,600 $700

Double Jeopardy! Round responses

CHARLEMAGNE
THE DIRECTOR'S CHAIR
TOUGH SHAKESPEARE
POTPOURRI
BOBs & JEFFs
LETTER AFTER F
    $200 6
(Alex: Charlemagne was funny!)

Franks

Helen
    $200 14
Orson Welles

Helen
    $200 11
The Taming of the Shrew

Helen
    $200 22
Western

Richard
    $200 16
Bob Hope

Richard
    $200 1
G

Helen
    $400 7
Baptism

Helen
    $400 17
Sergio Leone

Helen
    $400 12
(Alex: We told you it was tough!)

Twelfth Night

Triple Stumper
    $400 23
Rook

Helen
    $400 18
Jeffrey Katzenberg

Helen
    $400 2
M

Helen
    $600 8
Pope

Helen
    $600 27
Federico Fellini

Helen
    $600 13
(H: What is "A Midsummer's Night's Dream?")
(Alex: No.)

A Midsummer Night's Dream

HelenRichard
    $600 24
Nonagenarian

Helen
    $600 19
Jeff Bridges

Triple Stumper
    $600 3
L (as in FL: Florida)

Robin
    $800 9
Saint Augustine

Helen
    $800 28
Jane Campion

Robin
    $1,500 15
(H: What is black as coal?)

Nothing like the sun

Helen
    $800 25
(less than a minute to go...)

"Jambalaya"

Helen
    $1,500 20
(H: Who is Bob Seger?)

Bob Dylan

Helen
    $800 4
X (as in "F/X")

Robin
    $1000 10
(Robin: Who is Robespierre?)
(Richard: Who is Pepin?)

Roland (AKA Orlando)

RichardRobin
Triple Stumper
    $1000 29
(H: Who is Costa-Gavras?)

D.W. Griffith

Helen
Triple Stumper
    $1000 30
Edmund

Triple Stumper
    $1000 26
(Richard: What is Yo-Yo?)

Midori

HelenRichard
    $1000 21
Bob Geldof

Helen
    $1000 5
(Helen: Who is F.W. de Klerk?)
(Alex: You're giving us more information than we asked for, but that's all right!)

W (F.W. de Klerk)

Helen

Scores at the end of the Double Jeopardy! Round:

Helen Richard Robin
$8,700 $600 $1,900
(lock game)

[wagering suggestions for these scores]

Final Jeopardy! Round responses

AUTHORS
RichardWho is Clarke
$600
RobinWho is Arthur C. Clarke?
$600
HelenWho is Arthur C. Clark?
$1,300
Arthur C. Clarke

Final scores:

Helen Richard Robin
$10,000 $1,200 $2,500
3-day champion: $27,100 3rd place: HP Jornada 820 Handheld PC 2nd place: Trip to Chateau Lake Louise in the Canadian Rockies

Game dynamics:

Coryat scores:

Helen Richard Robin
$11,400 $600 $1,900
31 R
(including 1 DD),
5 W
(including 2 DDs)
11 R,
4 W
7 R,
3 W

Combined Coryat: $13,900

[game clues] [game scores] [suggest correction]

Game tape date: Unknown
The J! Archive is created by fans, for fans. Scraping, republication, monetization, and malicious use prohibited; this site may use cookies and collect identifying information. See terms. The Jeopardy! game show and all elements thereof, including but not limited to copyright and trademark thereto, are the property of Jeopardy Productions, Inc. and are protected under law. This website is not affiliated with, sponsored by, or operated by Jeopardy Productions, Inc. Join the discussion at JBoard.tv.